000 02032cam a2200265 4500500
005 20260329001918.0
041 _afre
042 _adc
100 1 0 _aRivet-Danon, Diane
_eauthor
700 1 0 _aLy, Anna
_eauthor
700 1 0 _aPrades-Borio, Marie
_eauthor
700 1 0 _aBerthaut, Isabelle
_eauthor
700 1 0 _aOgouma-Aworet, Ludmilla
_eauthor
700 1 0 _aPanissard, Charlotte
_eauthor
700 1 0 _aBachelot, Guillaume
_eauthor
700 1 0 _aLévy, Rachel
_eauthor
700 1 0 _aDupont, Charlotte
_eauthor
700 1 0 _aSermondade, Nathalie
_eauthor
245 0 0 _aThe revision of the bioethics law, two years on: Major principles and consequences for practice in the reproductive biology laboratory
260 _c2023.
500 _a7
520 _aSince 1994, in France, the bioethics law has set out the regulatory framework for medically assisted reproduction (MAR). The latest revision of the law, made on August 2, 2021, is characterized by major upheavals in the field of MAR and affects several areas: the purpose of and conditions for accessing MAR, access to origins in the case of gamete or embryo donation, and gamete cryopreservation without medical indication. Because of strong societal demand, the law authorizes the extension of sperm donation to same-sex female couples, as well as the possibility for any person to preserve his/her gametes if he/she meets the age criteria defined by decree. Finally, the law makes it possible for people born following gamete or embryo donation to have access, from their 18th birthday, to identifying and/or non-identifying data. These new measures have led to a huge number of MAR requests to fertility and donation centers, and have required the implementation of new systems in order to harmonize care, without discrimination or prioritization.
786 0 _nAnnales de Biologie Clinique | 81 | 6 | 2023-11-01 | p. 621-627 | 0003-3898
856 4 1 _uhttps://stm.cairn.info/journal-annales-de-biologie-clinique-2023-6-page-621?lang=en&redirect-ssocas=7080
999 _c1809907
_d1809907